01271nam a2200253 a 4500001001000000005001700010008004100027041000800068044000700076084002200083245005900105260003000164300002600194500004900220500030400269500004700573500004600620500002800666506009200694546005100786600004400837651007000881651006600951BRCA_498120190320204903.0271010s1786----sp-######v---#000-0#spa-# aspa asp aDOC58b.D63c178610aDocumento firmado por el [Rey Carlos III]cCarlos III. aSan Lorenzo, Madridc1786 a[3] fojasc30 x 21 cm aDocumento firmado el 27 de noviembre de 1786 aCédula que remite a todas las autoridades de sus dominios para que observe en las indias lo últimamente resuelto sobre el modo y tratamiento con que debe escribirse la correspondencia de oficio (se suprime al Señor Muy Señor Mio y el B. M. en la antefirma sustituyendolo por Excelentísimo) a[Real cédula] firmada como ´Yo el Rey´ aEl documento contiene la leyenda DOC. #68 aPapel con marca de agua0 aFondo reservado: para su consulta es necesario credencial de usuario y carta de motivos aTexto en: español de finales del siglo XVIII14aCarlosbIIIcRey de Españad1716-1788 4aEspañavImpreso con rúbricaxHistoriayCasa de Borbón, 1700 4aMéxicovImpreso con rúbricaxHistoriayColonia, 1521-1821